Vista normal
Vista MARC
- Pertusa, Esther
Entrada Nombre de persona
Número de registros utilizados en: 1
001 - NÚMERO DE CONTROL
- campo de control: 1193
003 - IDENTIFICADOR DEL NÚMERO DE CONTROL
- campo de control: ES-MaFIAP
005 - FECHA Y HORA DE LA ÚLTIMA TRANSACCIÓN
- campo de control: 20230306124234.0
008 - DATOS DE LONGITUD FIJA
- campo de control de longitud fija: 230306|| aca||aabn | a|a d
040 ## - FUENTE DE LA CATALOGACIÓN
- Centro catalogador/agencia de origen: ES-MaFIAP
- Centro/agencia transcriptor: ES-MaFIAP
100 ## - ENCABEZAMIENTO-NOMBRE DE PERSONA
- Nombre de persona: Pertusa, Esther
- Fechas asociadas al nombre: 1967-
670 ## - FUENTE DE DATOS ENCONTRADOS
- Cita de la fuente: Work cat.: (ES-MaFIAP)281: El valor de la mirada [Texto impreso] :, [2004]





